01446nam a2200349Ia 4500001001200000003000800012006001900020007001500039008004100054010001700095020001800112020002600130020002800156040002100184035002100205050002800226082002200254100002100276245016400297260008500461300003700546504005200583533015200635650003600787650003700823650002600860655002900886700002100915710001700936856012600953999001701079ebr10227136CaPaEBRm u cr cn|||||||||990203s1999 bccab sb 000 0 eng d z 99018793  z9780774807173 z9780774856300 (ebook) z0295978171 (alk. paper) aCaPaEBRcCaPaEBR a(OCoLC)24361648214aQL737.C432bF675 1999eb04a599.53/6177432211 aFord, John K. B.10aTransientsh[electronic resource] :bmammal-hunting killer whales of British Columbia, Washington, and Southeastern Alaska /cJohn K.B. Ford & Graeme M. Ellis. aVancouver, BC :bUBC Press ;aSeattle :bUniversity of Washington Press,cc1999. a96 p. :bill. (some col.), maps. aIncludes bibliographical references (p. 95-96). aElectronic reproduction.bPalo Alto, Calif. :cebrary,d2008.nAvailable via World Wide Web.nAccess may be limited to ebrary affiliated libraries. 0aKiller whalezBritish Columbia. 0aKiller whalezWashington (State) 0aKiller whalezAlaska. 7aElectronic books.2local1 aEllis, Graeme M.2 aebrary, Inc.40uhttp://site.ebrary.com/lib/rucke/Doc?id=10227136zAn electronic book accessible through the World Wide Web; click to view c41229d41229